000 00776cab a2200205 4500
001 L136587
008 070209n2007 000 0 eng u
035 _a(Sirsi) u136587
041 0 _aeng
100 _aFlynn, Beverley
245 0 0 _aWEEE - the way to go
260 _c2007
490 0 0 _aNew Law Journal
_v157(7258) 2 February 2007, 161-162(2)
520 _aExplains the WEEE Directive and its impact on business. Looks at compliance schemes, EEE wheelie bin marking, importers, distributors and their obligations and the effect on end-users.
590 _aKA
650 2 4 _aWASTE ELECTRICAL AND ELECTRONIC EQUIPMENT REGULATIONS
651 4 _aUnited Kingdom
_y
690 _aENVIRONMENTAL AND LAND CONSULTANCY-WASTE MANAGEMENT-HAZARDOUS WASTE TREATMENT
942 _n0
999 _c78355
_d78355